The popular press: newspapers, periodicals, paperbacks
שמור ב:
| מחבר ראשי: | |
|---|---|
| פורמט: | ספר |
| שפה: | אנגלית |
| יצא לאור: |
Nairobi
Thomas Nelson and Sons
1975
|
| מהדורה: | 1a. ed |
| סדרה: | The Mass Media
|
| נושאים: | |
| תגים: |
הוספת תג
אין תגיות, היה/י הראשונ/ה לתייג את הרשומה!
|
MARC
| LEADER | 00000cam a2200000 a 4500 | ||
|---|---|---|---|
| 001 | UCG9755 | ||
| 003 | CL-VaPUC | ||
| 008 | 120330e19750000KE |||||||||||||||||eng|d | ||
| 020 | |a 0174434200 | ||
| 082 | 0 | 4 | |a 302.23 |b HEA |2 21 |
| 100 | |a Heath, R. B |e author |9 561421 | ||
| 245 | 1 | 4 | |a The popular press: newspapers, periodicals, paperbacks |
| 250 | |a 1a. ed | ||
| 300 | |a 96 p | ||
| 942 | |c BK | ||
| 945 | |d 20120330 00:00:00 |a dcastane | ||
| 260 | |a Nairobi |b Thomas Nelson and Sons |c 1975 | ||
| 650 | 0 | |a Periodismo |9 310113 | |
| 650 | 7 | |a SOCIOLOGIA DEL PERIODISMO |2 CL-VaPUC |9 462333 | |
| 650 | 0 | |a Medios de comunicación de masas |9 257273 | |
| 650 | 0 | |a Libertad de prensa |9 255610 | |
| 583 | |a last modification |c 20120330 10:33:00 |k Rodrigo Vera | ||
| 490 | 0 | |a The Mass Media | |
| 999 | |c 347298 |d 347296 | ||
| 952 | |0 0 |1 0 |4 0 |6 302_230000000000000_HEA_1975 |7 0 |8 A |9 448553 |a BIBEDU |b BIBEDU |d 2019-11-22 |i 4842081 |o 302.23 HEA 1975 |p 4842081 |r 2019-11-22 |w 2019-11-22 |y BK |k LIT | ||